00664nam a2200241 a 4500001001300000003000900013005001700022008004100039020001000080082001500090100002100105245003400126260003600160300000900196500003500205505001000240650002600250700002100276902000800297942000700305952009500312999001500407nice12345678IN_TiNIC20260116011558.0050524s1923 lona grp 000 0 eng  ac10000a232.1bILL aIllingworth, J R aPersonality, Human and Divine aLondonbMacmillan and Co.c1923 a174p aincludes index and biblioraphy2 aindex aJesus Christ-Divinity1 aIllingworth, J R bRBA cBK 00104070aHMIbHMId2007-06-18g100.00l0o232.1 ILLp1374r2007-06-18w2026-01-16yARB c2720d2720